Menové integrácie v rámci Afriky - zóna franku CFA a Západoafrická menová oblasť (WAMZ)

Menové zoskupenia na území Afriky - zóna frank CFA a WAMZ (West African Monetary Zone). Princípy menovej spolupráce zóny frank CFA s Európskou úniou. Projekt "druhej menovej únie" v rámci krajín ECOWAS (Economic Community of West African States).

Gespeichert in:
Bibliographische Detailangaben
1. Verfasser: Kaba, Mamadou Saliou
Format: Buchkapitel
Sprache:Slowakisch
Schlagworte:
Tags: Tag hinzufügen
Keine Tags, Fügen Sie das erste Tag hinzu!

MARC

LEADER 00000naa$a2200000$$$4500
001 0058914
005 20240612073008.3
041 0 |a slo 
044 |a SK 
245 1 0 |a Menové integrácie v rámci Afriky - zóna franku CFA a Západoafrická menová oblasť (WAMZ)  |c Mamadou Saliou Kaba 
520 |a Menové zoskupenia na území Afriky - zóna frank CFA a WAMZ (West African Monetary Zone). Princípy menovej spolupráce zóny frank CFA s Európskou úniou. Projekt "druhej menovej únie" v rámci krajín ECOWAS (Economic Community of West African States). 
610 2 0 |a oblasti menové 
610 2 0 |a únie menové 
610 2 0 |a integrácia menová 
610 2 0 |a Afrika 
610 2 0 |a spolupráca hospodárska medzinárodná 
610 2 0 |a CFA 
610 2 0 |a WAMZ 
100 1 |a Kaba, Mamadou Saliou